[Event "US op 121st"]
[Site "Cherry Hill"]
[Date "2021.08.01"]
[Round "2"]
[White "Golsefidy, Sepehr"]
[Black "Akobian, Varuzhan"]
[Result "0-1"]
[WhiteElo "1673"]
[BlackElo "2614"]
[PlyCount "70"]
[EventDate "2021.07.31"]
[EventType "swiss"]
[EventRounds "9"]
[EventCountry "USA"]
[SourceTitle "CBM 203 Extra"]
[Source "ChessBase"]
[SourceDate "2021.09.30"]
[SourceVersion "1"]
[SourceVersionDate "2021.09.30"]
[SourceQuality "1"]

1. e4 d6 2. d4 Nf6 3. Nc3 c6 4. Be3 Qb6 5. Rb1 Ng4 6. Bc4 e5 7. Qf3 Qc7 8. a4 Na6 9. b4 exd4 10. Bxd4 Ne5 11. Bxe5 dxe5 12. b5 Nc5 13. Nge2 Be6 14. Bxe6 Nxe6 15. 0-0 Bc5 16. Ng3 0-0 17. Qg4 Rad8 18. Nce2 g6 19. Rb3 Rd2 20. Nf5 Kh8 21. Rg3 Qd8 22. Nh6 Rxc2 23. Nxf7+ Rxf7 24. Qxe6 Bxf2+ 25. Kh1 Rf6 26. Qxe5 Rxe2 27. Rf3 Bd4 28. Qg5 Rxe4 29. Rd1 Qe7 30. Rxf6 Bxf6 31. Qg3 Kg7 32. bxc6 bxc6 33. Rb1 h5 34. h3 Kh7 35. a5 a6 0-1